Elementary statistics using the TI-83/84 plus calculator / (Record no. 11319)
[ view plain ]
| 000 -LEADER | |
|---|---|
| fixed length control field | 00507cam a2200181 a 4500 |
| 020 ## - ISBN | |
| International Standard Book Number | 0321952936 |
| 020 ## - ISBN | |
| International Standard Book Number | 9780321952936 |
| 050 00 - LIBRARY OF CONGRESS CALL NUMBER | |
| Classification Number | QA276.12 |
| Item Number | .T764 2011 |
| 100 1# - MAIN ENTRY--Author | |
| Personal name | Triola, Mario F. |
| 245 10 - TITLE | |
| Title | Elementary statistics using the TI-83/84 plus calculator / |
| Statement of responsibility, etc | Mario F. Triola. |
| 250 ## - EDITIONSTATEMENT | |
| Edition statement | 4th ed. |
| 260 ## - PUBLICATION, DISTRIBUTION, ETC.(IMPRINT) | |
| Place of publication, distribution, etc | Boston : |
| Name of publisher, distributor, etc | Addison-Wesley, |
| Date of publication, distribution, etc | 2015 |
| 300 ## - PHYSICAL DESCRIPTION | |
| Extent | xxix, 836 p., |
| 500 ## - GENERALNOTE | |
| General note | Includes indexes. |
| 650 #0 - SUBJECT--TOPIC | |
| Form subdivision | Textbooks. |
| 650 #0 - SUBJECT--TOPIC | |
| General subdivision | Graphic methods |
| Form subdivision | Textbooks. |
| 942 ## - ADDED ENTRY ELEMENTS(KOHA) | |
| Source of classification or shelving scheme | Library of Congress Classification |
| Koha item type | General circulation |
| Source of classification or shelving scheme | Not for loan | Location (home branch) | Sublocation (holding branch) | Shelving location | Date accessioned | Full call number | Barcode | Koha item type | Public note |
|---|---|---|---|---|---|---|---|---|---|
| Library of Congress Classification | Main Campus Library | Main Campus Library | 18/05/2017 | QA276.12 .T764 2011 | 2015/005482 | CD/DVD-ROMs | |||
| Library of Congress Classification | Mtito Andei Centre Library | Mtito Andei Centre Library | 23/02/2016 | QA276.12 .T764 2015 | 2016/014999 | General circulation | 3kwa |